Chemical and process technology encyclopedia (Record no. 37143)

MARC details
000 -LEADER
fixed length control field 00578nam a2200157 a 4500
008 - FIXED-LENGTH DATA ELEMENTS--GENERAL INFORMATION
fixed length control field 120416s1974 ||||||||||||||||| || u
020 ## - INTERNATIONAL STANDARD BOOK NUMBER
International Standard Book Number 007012423X
050 ## - LIBRARY OF CONGRESS CALL NUMBER
Classification number TP 9
100 ## - MAIN ENTRY--PERSONAL NAME
Personal name Considine, Douglas M
245 10 - TITLE STATEMENT
Title Chemical and process technology encyclopedia
Statement of responsibility, etc. edited by Douglas M. Considine
260 ## - PUBLICATION, DISTRIBUTION, ETC.
Place of publication, distribution, etc. New York
Name of publisher, distributor, etc. McGraw-Hill
Date of publication, distribution, etc. 1974
300 ## - PHYSICAL DESCRIPTION
Extent xxix, 1261p. : ill
350 ## - PRICE (NR) (BK AM CF MU VM SE) [OBSOLETE]
Price 0.00
650 #0 - SUBJECT ADDED ENTRY--TOPICAL TERM
Topical term or geographic name entry element CHEMISTRY, TECHNICAL--ENCYCLOPEDIAS
995 ## - RECOMMENDATION 995 [LOCAL, UNIMARC FRANCE]
-- 0.00
-- CBU-MAIN LIBRARY (Kitwe)
-- 1
-- 69.00
-- 1
-- DAMAGED
-- Reference Collection
Holdings
Withdrawn status Lost status Source of classification or shelving scheme Damaged status Not for loan Home library Current library Shelving location Date acquired Total Checkouts Full call number Barcode Date last seen Price effective from Koha item type
          CBU-MAIN LIBRARY, KITWE. CBU-MAIN LIBRARY, KITWE.   11/30/2022   TP 9 023421 11/30/2022 11/30/2022 MONOGRAPH